000 00377nam a2200145Ia 4500
008 090122s9999 xx 000 0 und d
082 _b6289
_a891.4683
100 _aमोकाशी
_bदि
_cबा
245 _aपालखी
600 _aमोकाशी
630 _aपालखी
700 _aमोकाशी
730 _aपालखी
942 _cBOOK
999 _c30366
_d30366